| 000 | 00983cam a2200313 a 4500 | ||
|---|---|---|---|
| 001 | 705758 | ||
| 003 | OSt | ||
| 005 | 20231010140440.0 | ||
| 008 | 911212s1992 stk|||| |||| 00||0|eng | ||
| 010 | _a91-47891 | ||
| 020 | _a9780443037122 | ||
| 020 | _a0443037124 | ||
| 040 |
_aDNLM _cDNLM |
||
| 041 | 0 | _aeng | |
| 082 | _aQZ 4 G29j 1992 | ||
| 100 | _4Editted by Underwood, J. C. E.; Cross, Simon S. | ||
| 245 | 0 | 0 | _aGeneral and Systematic Pathology |
| 260 |
_aEdinburgh ; _bChurchill Livingstone, _c1992. |
||
| 300 |
_a847 p. : _bill. |
||
| 336 |
_atext _btxt _2rdacontent |
||
| 337 |
_aunmediated _bn _2rdamedia |
||
| 338 |
_avolume _bnc _2rdacarrier |
||
| 500 | _aCompanion v. to: MCQ companion to General and systemic pathology / Simon S. Cross. 1992. | ||
| 500 | _aIncludes index. | ||
| 504 | _aIncludes bibliographical references. | ||
| 650 | 2 |
_aPathology _0https://id.nlm.nih.gov/mesh/D010336 _937 |
|
| 942 |
_2ddc _cO_SHELF |
||
| 999 |
_c6863 _d6863 |
||